000
00319nam a22001457a 4500
008
210303b ||||| |||| 00| 0 eng d
020
_a
9780256081206
041
_a
eng
080
_2
6th
_a
336
082
_a
336
100
_a
56
101
_a
FIN
245
_a
Managerial Accounting
_c
Garrison, R.H
942
_2
udc
_c
BK
999
_c
55588
_d
55588